000 00436nam a2200193Ia 4500
001 17546
003 GE_BSU
008 181216s||||||||xx |||||||||||||| ||und||
020 _a0435241214
040 _cGE_BSU
080 _a811.111(075.8)
100 _aVince,Michael
245 _aIntermediate Language Practice
260 _c2003
300 _a266p.
541 _h12 Gel.
653 _aIntermediate Language Practice
942 _cBK
999 _c50596
_d50596